Die Tabakpflanze. (Record no. 10905)

MARC details
000 -LEADER
fixed length control field 00644cam a22002411 4500
001 - CONTROL NUMBER
control field agr48000511
003 - CONTROL NUMBER IDENTIFIER
control field DLC
005 - DATE AND TIME OF LATEST TRANSACTION
control field 20260227111010.0
008 - FIXED-LENGTH DATA ELEMENTS--GENERAL INFORMATION
fixed length control field 871009s1946 au a 000 0 ger c
010 ## - LIBRARY OF CONGRESS CONTROL NUMBER
LC control number agr48000511
035 ## - SYSTEM CONTROL NUMBER
System control number (OCoLC)16837512
040 ## - CATALOGING SOURCE
Original cataloging agency U.S. Dept. of Agr. Libr.
Transcribing agency CU-BANC
Modifying agency DLC
042 ## - AUTHENTICATION CODE
Authentication code premarc
050 00 - LIBRARY OF CONGRESS CALL NUMBER
Classification number SB278.A8
Item number K3
070 0# - NATIONAL AGRICULTURAL LIBRARY CALL NUMBER
Classification number 69
Item number K12
100 1# - MAIN ENTRY--PERSONAL NAME
Personal name Kallbrunner, Hermann.
245 04 - TITLE STATEMENT
Title Die Tabakpflanze.
260 ## - PUBLICATION, DISTRIBUTION, ETC.
Place of publication, distribution, etc. Wien,
Name of publisher, distributor, etc. Scholle-Verlag,
Date of publication, distribution, etc. 1946.
300 ## - PHYSICAL DESCRIPTION
Extent 19 p.
Other physical details illus.
Dimensions 23 cm.
490 0# - SERIES STATEMENT
Series statement Scholle-Bücherei,
Volume/sequential designation 46. Bdchn.
500 ## - GENERAL NOTE
General note Cover title: Tabak.
650 #0 - SUBJECT ADDED ENTRY--TOPICAL TERM
Topical term or geographic name entry element Tobacco
Geographic subdivision Austria.

No items available.

Powered by Koha